<?xml version="1.0" encoding="UTF-8"?><?xml-stylesheet type="text/xsl" href="static/style.xsl"?><OAI-PMH xmlns="http://www.openarchives.org/OAI/2.0/" xmlns:xsi="http://www.w3.org/2001/XMLSchema-instance" xsi:schemaLocation="http://www.openarchives.org/OAI/2.0/ http://www.openarchives.org/OAI/2.0/OAI-PMH.xsd"><responseDate>2026-04-28T20:59:25Z</responseDate><request verb="GetRecord" identifier="oai:riubu.ubu.es:10259/10926" metadataPrefix="marc">https://riubu.ubu.es/oai/request</request><GetRecord><record><header><identifier>oai:riubu.ubu.es:10259/10926</identifier><datestamp>2025-10-07T00:05:36Z</datestamp><setSpec>com_10259_6781</setSpec><setSpec>com_10259_5086</setSpec><setSpec>com_10259_2604</setSpec><setSpec>col_10259_10925</setSpec></header><metadata><record xmlns="http://www.loc.gov/MARC21/slim" xmlns:doc="http://www.lyncode.com/xoai" xmlns:xsi="http://www.w3.org/2001/XMLSchema-instance" xmlns:dcterms="http://purl.org/dc/terms/" xsi:schemaLocation="http://www.loc.gov/MARC21/slim http://www.loc.gov/standards/marcxml/schema/MARC21slim.xsd">
<leader>00925njm 22002777a 4500</leader>
<datafield tag="042" ind1=" " ind2=" ">
<subfield code="a">dc</subfield>
</datafield>
<datafield tag="720" ind1=" " ind2=" ">
<subfield code="a">Lara Vences, Carlos de</subfield>
<subfield code="e">author</subfield>
</datafield>
<datafield tag="260" ind1=" " ind2=" ">
<subfield code="c">2025</subfield>
</datafield>
<datafield tag="520" ind1=" " ind2=" ">
<subfield code="a">Esta obra tiene como objetivo el estudio integral de la vivienda, abordando desde el suelo en que se asienta, el proceso constructivo, las reformas, hasta su uso y disfrute, ya sea como arrendatarios o propietarios en régimen de propiedad horizontal. En definitiva, se analiza el régimen jurídico del suelo, el contrato de obra, la propiedad horizontal, los arrendamientos urbanos y el Registro de la Propiedad, con el propósito de ofrecer una visión completa del régimen jurídico privado de la vivienda en nuestro ordenamiento jurídico.&#xd;
&#xd;
El libro está dirigido a la comunidad universitaria, abogados, administradores de fincas, y demás profesionales del sector inmobiliario, así como a arquitectos, arquitectos técnicos, economistas y a todos aquellos que, en su práctica profesional cotidiana, enfrentan cuestiones relacionadas con los diversos aspectos jurídicos de la vivienda. Asimismo, resulta de interés para quienes, desde distintas disciplinas, se aproximan al estudio de esta materia. Por ello, se busca proporcionar una perspectiva no solo teórica, sino también práctica.&#xd;
&#xd;
Esta obra aspira a tener un uso polivalente, sirviendo tanto como libro de consulta profesional, material de referencia académica o recurso de estudio para quienes se inician en esta apasionante área del derecho.</subfield>
</datafield>
<datafield tag="024" ind2=" " ind1="8">
<subfield code="a">978-84-1194-826-5</subfield>
</datafield>
<datafield tag="024" ind2=" " ind1="8">
<subfield code="a">https://hdl.handle.net/10259/10926</subfield>
</datafield>
<datafield tag="245" ind1="0" ind2="0">
<subfield code="a">Derecho de la construcción y uso de la vivienda: (suelo, construcción, propiedad horizontal, arrendamientos urbanos y Registro de la Propiedad)</subfield>
</datafield>
</record></metadata></record></GetRecord></OAI-PMH>